Péi du mohd (Frahsé altérnatif) - Statistiques

Statistiques générales
  • Ce quiz a été pris 14 fois
    12 depuis la dernière actualisation
  • Le résultat moyen est 31 sur 196
Réponses sur la Carte
Les réponses sont colorées sur une échelle allant du rouge au vert en fonction du pourcentage des utilisateurs qui les ont devinées à leur premier essai. Vous pouvez retrouver ces pourcentages ci-dessous.
 
Statistiques - réponses
Pays % Correct
Canada
75%
Étaz Uni
75%
Chin
42%
Rusi
33%
Boyroyndi
25%
Chili
25%
Frahs
25%
Itali
25%
Mali
25%
Togo
25%
Afganistah
17%
Afric du Sud
17%
Ahgola
17%
Aiti
17%
Albani
17%
Aljéri
17%
Arabi Saoydit
17%
Arméni
17%
Bahgladéch
17%
Barbad
17%
Bélarus
17%
Béliz
17%
Béljic
17%
Bénih
17%
Bolivi
17%
Bosni Érzégovin
17%
Brézil
17%
Bulgari
17%
Burcina Faso
17%
Cahbodj
17%
Camroyn
17%
Cap Vér
17%
Catar
17%
Cazacstah
17%
Céniya
17%
Chipr
17%
Cirgizistah
17%
Ciribas
17%
Colohbi
17%
Comor
17%
Coré du Nor
17%
Coré du Sud
17%
Cosovo
17%
Costa Rica
17%
Croasi
17%
Cuba
17%
Danmarc
17%
Éjipt
17%
Éritré
17%
Éstoni
17%
Éta Fédéré de Micronézi
17%
Étiyopi
17%
Fidji
17%
Fihlahd
17%
Filipin
17%
Gaboh
17%
Gahbi
17%
Gana
17%
Giné
17%
Giné Biso
17%
Grenad
17%
Grés
17%
Guyiiyana
17%
Gwatemala
17%
Ihd
17%
Ihdonézi
17%
Il Marchal
17%
Il Salomoh
17%
Irac
17%
Irah
17%
Irlahd
17%
Islahd
17%
Israél
17%
Jamaic
17%
Japoh
17%
Jéorji
17%
Jordani
17%
Laos
17%
Létoni
17%
Lézoto
17%
Libah
17%
Libériya
17%
Libi
17%
Malawi
17%
Maldiv
17%
Malézi
17%
Maroc
17%
Masédwan du Nor
17%
Mécsic
17%
Mohgoli
17%
Mohténégro
17%
Moldavi
17%
Moris
17%
Moritani
17%
Mozahbic
17%
Namibi
17%
Nicaragwa
17%
Nijér
17%
Nijériya
17%
Noroy
17%
Norvéj
17%
Noyvél Zélahd
17%
Ohduras
17%
Ohgri
17%
Omah
17%
Ostrali
17%
Otrich
17%
Oygahda
17%
Oyzbécistah
17%
Pacistah
17%
Panama
17%
Paragwé
17%
Péi Ba
17%
Péroy
17%
Poloniy
17%
Portugal
17%
Républic Démocratic du Cohgo
17%
Républic du Cohgo
17%
Républic Sahtrafricén
17%
Roymani
17%
Rwahnda
17%
Salvador
17%
Samoa
17%
Séchél
17%
Sénégal
17%
Sérbi
17%
Siht Lusi
17%
Sih Vihsah é lé Grenadin
17%
Siri
17%
Siyéra Léon
17%
Slovaci
17%
Slovéni
17%
Somali
17%
Soydah
17%
Soydah du Sud
17%
Sri Lahca
17%
Surinam
17%
Suyis
17%
Tchad
17%
Tohga
17%
Trinité é Tobago
17%
Tunizi
17%
Turci
17%
Ucrén
17%
Urugwé
17%
Viyét Nam
17%
Zahbi
17%
Ahdor
8%
Ahtigwa é Barbuda
8%
Almaniy
8%
Arjahtin
8%
Azérbaiydjah
8%
Baamas
8%
Baréiyn
8%
Birmani
8%
Botswana
8%
Boytah
8%
Brunéiy
8%
Cot d'Ivwar
8%
Cowéiyt
8%
Djiboyti
8%
Dominic
8%
Écwater
8%
Émira Arab Uni
8%
Éspaniy
8%
Éswatini
8%
Giné Écwatoriyal
8%
Iyémén
8%
Lichtenchtaiyn
8%
Lituyani
8%
Lucsahboyr
8%
Madagascar
8%
Malt
8%
Monaco
8%
Népal
8%
Palaos
8%
Papwazi Noyvél Giné
8%
Républic Dominicén
8%
Républic Tchéc
8%
Rwaiyom Uni
8%
Sao Tomé é Prihsip
8%
Sih Cristof é Niyévés
8%
Sihgapoyr
8%
Sih Marih
8%
Suyéd
8%
Tadjicistah
8%
Tahdzani
8%
Taiylahd
8%
Taiywan
8%
Timor Oriyahtal
8%
Turcménistah
8%
Tuvalu
8%
Vanwatoy
8%
Vaticah
8%
Vénézuyela
8%
Zimbabwé
8%
Aucun quiz correspondant
Distribution des résultats
% des personnes avec chaque résultat
Percentile par nombre de réponses
Votre historique - résultats
Vous n’avez pas pris ce quiz depuis la dernière actualisation